Chargement en cours...
Pediatrics : Review for Usmle, Step 2 /
| Auteur principal: | |
|---|---|
| Langue: | Undetermined |
| Publié: |
New Delhi :
B I Publications Pvt. Ltd. ,
2006.
|
| LEADER | 00535nam a2200157Ia 4500 | ||
|---|---|---|---|
| 001 | 150409 | ||
| 008 | 170722s9999 xx 000 0 und d | ||
| 020 | |a 8172252455 | ||
| 100 | |a Paulson, Jerome A. | ||
| 245 | |a Pediatrics : |b Review for Usmle, Step 2 / | ||
| 260 | |a New Delhi : |b B I Publications Pvt. Ltd. , |c 2006. | ||
| 300 | |a viii+273 | ||
| 923 | |d 20070108 |n BIP-TVM/CR | ||
| 942 | |c GEN | ||
| 999 | |c 133756 |d 133756 | ||
| 952 | |0 0 |1 0 |4 0 |6 L_9C431_MP6 |7 0 |9 188893 |a LIB |b LIB |d 2013-03-25 |e B I Publications |o L9C:4:31 mP6 |p 262732 |r 2017-08-12 |w 2017-08-12 |y GEN | ||